LIBRARY & INFORMATION CENTRE, KCAET, TAVANUR

ONLINE PUBLIC ACCESS CATALOGUE (OPAC)

Agro-Informatics (Record no. 14292)

MARC details
000 -LEADER
fixed length control field 00288nam a22001217a 4500
020 ## - INTERNATIONAL STANDARD BOOK NUMBER
ISBN 9789380235714
082 ## - DEWEY DECIMAL CLASSIFICATION NUMBER
Classification number 650
Item number VAN/AG
100 ## - MAIN ENTRY--AUTHOR NAME
Personal name Vanitha,G
-- Kalpana,M
245 ## - TITLE STATEMENT
Title Agro-Informatics
260 ## - PUBLICATION, DISTRIBUTION, ETC. (IMPRINT)
Place of publication New Delhi
Name of publisher New India Publishing Agency
Year of publication 2011
300 ## - PHYSICAL DESCRIPTION
Number of Pages 241
942 ## - ADDED ENTRY ELEMENTS (KOHA)
Koha item type Books
Holdings
Withdrawn status Lost status Damaged status Collection code Home library Current library Shelving location Date acquired Source of acquisition Cost, normal purchase price Full call number Accession Number Koha item type
        KAUAET KAUAET General Stacks 14/06/2016 Universal Research Books, Thrissur 750.00 650 VAN/AG 24272 Books
        KAUAET KAUAET General Stacks 12/07/2016 Arunima Book Distributors,TVPM 750.00 650 VAN/AG 23836 Books
      Non-fiction KAUAET KAUAET General Stacks 28/05/2019   1500.00 650 VAN/AG 25879 Books
free website counter